Catálogo

ESTUDIOS DE SOCIOLOGIA MEDICA Y CONTROVERSIAS : (Registro nro. 4297)

Detalles MARC
000 -LEADER
fixed length control field 00466nam a2200169 a 4500
001 - CONTROL NUMBER
control field 4297
005 - DATE AND TIME OF LATEST TRANSACTION
control field 20180713184200.0
008 - FIXED-LENGTH DATA ELEMENTS--GENERAL INFORMATION
fixed length control field 140415s1976 mx 000 0 spa d
041 ## - LANGUAGE CODE
Language code of text/sound track or separate title spa
082 ## - DEWEY DECIMAL CLASSIFICATION NUMBER
Classification number 610.301
Item number GAR
100 1# - MAIN ENTRY--PERSONAL NAME
Personal name GARCIA TELLEZ, SALVADOR
245 10 - TITLE STATEMENT
Title ESTUDIOS DE SOCIOLOGIA MEDICA Y CONTROVERSIAS :
Remainder of title (EN MISCELANEA)
250 ## - EDITION STATEMENT
Edition statement 1a ed.
260 ## - PUBLICATION, DISTRIBUTION, ETC.
Place of publication, distribution, etc. MEXICO :
Name of publisher, distributor, etc. MANUEL PORRUA,
Date of publication, distribution, etc. 1976
300 ## - PHYSICAL DESCRIPTION
Extent 182
650 14 - SUBJECT ADDED ENTRY--TOPICAL TERM
Topical term or geographic name entry element MEDICINA SOCIAL
Existencias
Withdrawn status Lost status Source of classification or shelving scheme Damaged status Not for loan Home library Current library Shelving location Date acquired Source of acquisition Total Checkouts Full call number Barcode Price effective from Koha item type Collection code Inventory number Date last seen
Descarte   Dewey Decimal Classification     Biblioteca Karol Wojtyla Biblioteca Karol Wojtyla   03/12/2013 Compra   610.301 GAR 8841 03/12/2013 Libro      
Descarte   Dewey Decimal Classification     Biblioteca Karol Wojtyla Biblioteca Karol Wojtyla   03/12/2013 Compra   610.301 GAR 8840 03/12/2013 Libro      
  Extraviado Dewey Decimal Classification     Biblioteca Karol Wojtyla Biblioteca Karol Wojtyla   03/12/2013 Compra   610.301 GAR 15769 03/12/2013 Libro      
Descarte   Dewey Decimal Classification     Biblioteca Karol Wojtyla Biblioteca Karol Wojtyla   03/12/2013 Compra   610.301 GAR 2939 03/12/2013 Libro      
    Dewey Decimal Classification     Biblioteca Karol Wojtyla Biblioteca Karol Wojtyla Sala general 03/12/2013 Compra   610.301 GAR 2232 03/12/2013 Libro General 151000000000000000010807 05/01/2026